00539 2200193 4500001002100000005001500021035002000036245004700056100001500103250002000118300003000138856001800168260003600186082001600222084002200238020002200260650003700282650002600319INLIS00000000000008020250710121642 a0010-07250000801 aMari menghitung bangun datar /cUma sharma0 aUma sharma aCetakan pertama a16 hlm. :bIlus. ;c21 cm aTBM As suhada aRawamangun :bUma sharma,c2022 a398.209 598 a398.209 598 UMA m a978-623-307-397-4 4aCerita anak indonesia-terjemahan 4aLiterasi-bahan bacaan